[Event "SR 2. liga A 2006/2007"]
[Site "?"]
[Date "2006.12.17"]
[Round "6"]
[White "Fabry, Robert"]
[Black "Kebis, Milos"]
[Result "1-0"]
[WhiteElo "2206"]
[BlackElo "2053"]
[Annotator "Fabry"]
[PlyCount "121"]
[EventDate "2006.??.??"]

1. Nf3 Nf6 2. b3 c5 3. Bb2 d5 4. e3 Nc6 5. Be2 Bg4 6. O-O e6 7. d3 Bd6 8. Nbd2
O-O 9. h3 Bh5 10. Re1 Qe7 11. e4 Bc7 12. e5 Nd7 13. d4 cxd4 14. Nxd4 Bg6 15.
Nxc6 bxc6 16. Bd3 Bb6 17. Nf3 a5 18. a4 Rfc8 19. Qe2 Nf8 20. g3 c5 21. Kg2 Rc7
22. Rad1 Rac8 23. Ba3 Qd8 24. Nh4 Bxd3 25. cxd3 Qe8 26. Rc1 h6 27. Nf3 Ng6 28.
Nd2 Ne7 29. Bb2 Nc6 30. Red1 Qd8 31. Nb1 Qg5 32. Na3 Na7 33. Rc2 Rc6 34. Rdc1
Qd8 35. Nb1 Qd7 36. Ba3 R6c7 37. Qe3 Qe7 38. Qe1 Qd7 39. Bb2 Nc6 40. Na3 Nb4
41. Rd2 Rc6 42. Bc3 Qb7 43. Kg1 Bd8 44. Nb5 Bg5 45. f4 Be7 46. Qd1 d4 47. Bxb4
cxb4 48. Rc4 Rxc4 49. dxc4 Rd8 50. Rd3 Qe4 51. Kf2 g5 52. Qf3 Qg6 53. Ke2 gxf4
54. gxf4 Bh4 55. Qg4 Kh7 56. Qxg6+ Kxg6 57. Rxd4 Rg8 58. c5 Kh5 59. c6 Rg2+ 60.
Kd1 Bf2 61. c7 1-0

[Event "SR 2. liga A 2006/2007"]
[Site "?"]
[Date "2006.12.17"]
[Round "6"]
[White "Goga, Frantisek"]
[Black "Sturc, Gustav"]
[Result "1/2-1/2"]
[WhiteElo "2011"]
[BlackElo "2173"]
[PlyCount "23"]
[EventDate "2006.??.??"]

1. e4 e5 2. Nf3 Nc6 3. d4 exd4 4. Nxd4 Bc5 5. Be3 d6 6. Nxc6 bxc6 7. Bxc5 dxc5
8. Qxd8+ Kxd8 9. Bc4 Ke7 10. Nc3 Be6 11. Bxe6 Kxe6 12. O-O-O 1/2-1/2

[Event "SR 2. liga A 2006/2007"]
[Site "?"]
[Date "2006.12.17"]
[Round "6"]
[White "Magyar, Frantisek"]
[Black "Hacik, Radomir"]
[Result "0-1"]
[WhiteElo "2067"]
[BlackElo "2185"]
[PlyCount "100"]
[EventDate "2006.??.??"]

1. d4 Nf6 2. Nf3 d5 3. c4 e6 4. Bg5 Be7 5. Nc3 O-O 6. e3 h6 7. Bh4 b6 8. cxd5
Nxd5 9. Bxe7 Qxe7 10. Nxd5 exd5 11. Qd2 Be6 12. Rc1 c5 13. Bb5 a6 14. Ba4 b5
15. Bd1 c4 16. O-O Nc6 17. b3 Rfd8 18. Be2 Bf5 19. Rfd1 Rab8 20. a4 Qa3 21.
axb5 axb5 22. bxc4 bxc4 23. Bxc4 dxc4 24. Rxc4 Rb2 25. Qe1 Nb4 26. Ne5 f6 27.
Rxb4 Qxb4 28. Qxb4 Rxb4 29. Nc6 Bc2 30. Rc1 Rdb8 31. Nxb8 Rxb8 32. f3 Rb1 33.
Rxb1 Bxb1 34. Kf2 Kf7 35. g4 Ke6 36. e4 g6 37. Ke3 f5 38. h3 Bc2 39. h4 Bd1 40.
Kf4 fxg4 41. Kxg4 Kd6 42. Kf4 Kc6 43. Ke3 Kb5 44. f4 Kc4 45. d5 Kc5 46. Kd2 Ba4
47. Kd3 Bd7 48. Ke3 Bb5 49. Kf3 Kd4 50. d6 h5 0-1

[Event "SR 2. liga A 2006/2007"]
[Site "?"]
[Date "2006.12.17"]
[Round "6"]
[White "Mikulas, Dusan"]
[Black "Mandak, Miroslav"]
[Result "1-0"]
[WhiteElo "2167"]
[BlackElo "2080"]
[Annotator "Fabry"]
[PlyCount "89"]
[EventDate "2006.??.??"]

1. e4 e5 2. Nf3 Nc6 3. Bb5 a6 4. Ba4 Nf6 5. O-O b5 6. Bb3 Be7 7. Re1 d6 8. c3
O-O 9. h3 Na5 10. Bc2 c5 11. d4 Qc7 12. d5 Ne8 13. a4 b4 14. Bd2 Rb8 15. cxb4
cxb4 16. Bd3 g6 17. Bh6 Ng7 18. Nbd2 f5 19. Qe2 Ra8 20. Rac1 Qd8 21. exf5 gxf5
22. Nd4 Bg5 23. Bxg5 Qxg5 24. Nc6 Nxc6 25. dxc6 Kh8 26. Nf3 Qf6 27. Bc4 e4 28.
Nh2 Ne6 29. Qd2 a5 30. f3 Nc5 31. Red1 Nxa4 32. Qf4 Nxb2 33. Rxd6 Qg7 34. Bb5
Nd3 35. Bxd3 exd3 36. Rxd3 b3 37. Rxb3 a4 38. Ra3 Qb2 39. Rcc3 Qb1+ 40. Rc1 Qb2
41. Rac3 Qb6+ 42. Kh1 a3 43. Qe5+ Kg8 44. f4 Qf2 45. Nf1 1-0

[Event "SR 2. liga A 2006/2007"]
[Site "?"]
[Date "2006.12.17"]
[Round "6"]
[White "Milanov, Jasen"]
[Black "Faltan, Peter"]
[Result "1/2-1/2"]
[WhiteElo "2015"]
[BlackElo "2058"]
[Annotator "Fabry"]
[PlyCount "60"]
[EventDate "2006.??.??"]

1. c4 e6 2. Nc3 d5 3. d4 Nf6 4. Bg5 Nbd7 5. e3 Be7 6. Bd3 O-O 7. Nf3 h6 8. Bh4
dxc4 9. Bxc4 Nb6 10. Bd3 Nfd5 11. Bxe7 Qxe7 12. a3 Nd7 13. O-O Nxc3 14. bxc3 e5
15. Qc2 c6 16. Rfe1 b6 17. Bf5 exd4 18. exd4 Qd6 19. Qe2 Nf6 20. Bc2 Bg4 21.
Qd3 Bxf3 22. Qxf3 Rae8 23. a4 c5 24. Red1 cxd4 25. g3 Rc8 26. Rxd4 Qc6 27. Qxc6
Rxc6 28. c4 Rfc8 29. Bd3 Kf8 30. a5 Ke7 1/2-1/2

[Event "SR 2. liga A 2006/2007"]
[Site "?"]
[Date "2006.12.17"]
[Round "6"]
[White "Oprea, Erik"]
[Black "Kleman, Miroslav"]
[Result "1-0"]
[WhiteElo "2134"]
[BlackElo "2094"]
[PlyCount "69"]
[EventDate "2006.??.??"]

1. e4 e5 2. Nc3 Nf6 3. Nf3 Nc6 4. Bb5 Nd4 5. Ba4 c6 6. Nxe5 Qe7 7. Nf3 Nxe4 8.
O-O Nxc3 9. dxc3 Ne6 10. Re1 Qf6 11. Bg5 Qg6 12. Qd2 b5 13. Bb3 Bc5 14. Bxe6
fxe6 15. Rxe6+ Qxe6 16. Re1 O-O 17. Rxe6 dxe6 18. Be3 Be7 19. Ne5 Rd8 20. Qe2
Bd7 21. h4 Bf6 22. Bg5 Bxg5 23. hxg5 Be8 24. Nxc6 Rd6 25. Ne7+ Kf7 26. Qf3+
Kxe7 27. Qxa8 Rd7 28. Qc8 Rd5 29. Qc7+ Rd7 30. Qc5+ Kf7 31. Kh2 Re7 32. c4 bxc4
33. Qxc4 Kg6 34. Qh4 e5 35. g4 1-0

[Event "SR 2. liga A 2006/2007"]
[Site "?"]
[Date "2006.12.17"]
[Round "6"]
[White "Povysil, Peter"]
[Black "Hebelka, Milos"]
[Result "0-1"]
[WhiteElo "2055"]
[BlackElo "2093"]
[Annotator "Fabry"]
[PlyCount "54"]
[EventDate "2006.??.??"]

1. Nf3 d5 2. c4 e6 3. d4 Nf6 4. Nc3 c6 5. e3 Nbd7 6. Qc2 Bd6 7. g4 a6 8. g5 Nh5
9. c5 Bc7 10. Be2 g6 11. Bd2 Qe7 12. O-O-O e5 13. dxe5 Nxc5 14. e4 Nxe4 15.
Nxe4 dxe4 16. Qxe4 Qc5+ 17. Bc3 Bf5 18. Qd4 Qxd4 19. Nxd4 Nf4 20. Bc4 Be6 21.
Nxe6 fxe6 22. h4 b5 23. Bd3 O-O-O 24. Kc2 c5 25. b3 Rhf8 26. Be4 Nd5 27. f3
Ne3+ 0-1

[Event "SR 2. liga A 2006/2007"]
[Site "?"]
[Date "2006.12.17"]
[Round "6"]
[White "Ruckschloss, Karol"]
[Black "Machalova, Erika"]
[Result "1-0"]
[WhiteElo "2331"]
[BlackElo "2106"]
[PlyCount "95"]
[EventDate "2006.??.??"]

1. c4 e5 2. Nc3 Nc6 3. g3 g6 4. Bg2 Bg7 5. e3 f5 6. Nge2 Nf6 7. d4 d6 8. a3 Bd7
9. b4 Qc8 10. Bb2 O-O 11. O-O g5 12. f4 Ng4 13. Nd5 Qd8 14. h3 Nh6 15. dxe5
dxe5 16. Qb3 Nf7 17. Rad1 Re8 18. Rd2 Qc8 19. Nec3 Ne7 20. fxg5 Nxg5 21. h4 Nf7
22. e4 c6 23. Nxe7+ Rxe7 24. exf5 Bxf5 25. Ne4 Qe6 26. Rdf2 Bxe4 27. Bxe4 Nd6
28. Qc2 Nxe4 29. Qxe4 Qg6 30. Qxg6 hxg6 31. Rd1 Rf8 32. Rxf8+ Kxf8 33. Kf2 Bh6
34. Rd6 Kg7 35. Kf3 Kh7 36. Ke4 Bg7 37. b5 cxb5 38. cxb5 Rf7 39. Bxe5 Bxe5 40.
Kxe5 Rf5+ 41. Ke6 Rxb5 42. g4 Rb3 43. Kf6 Kh6 44. Kf7 Rxa3 45. Rxg6+ Kh7 46. g5
Rf3+ 47. Rf6 Rxf6+ 48. gxf6 1-0

[Event "SR 2. liga A 2006/2007"]
[Site "?"]
[Date "2006.12.17"]
[Round "6"]
[White "Tepper, Frantisek"]
[Black "Petrik, Karol"]
[Result "0-1"]
[WhiteElo "2171"]
[BlackElo "2123"]
[Annotator "Fabry"]
[PlyCount "132"]
[EventDate "2006.??.??"]

1. e4 c6 2. d4 g6 3. Bd3 Bg7 4. Ne2 d6 5. O-O e5 6. c3 Nf6 7. h3 O-O 8. Be3 Re8
9. Nd2 Qe7 10. Ng3 Nbd7 11. Nf3 d5 12. dxe5 Nxe4 13. Nxe4 dxe4 14. Bg5 Qc5 15.
Bxe4 Nxe5 16. Be3 Qe7 17. Nxe5 Bxe5 18. Re1 Be6 19. Qe2 Bc7 20. Bc2 Qd6 21. f4
Bd5 22. Kh2 Qf6 23. g3 h5 24. h4 Bxf4 25. Bxf4 Rxe2+ 26. Rxe2 a5 27. Rae1 Bxa2
28. Re8+ Rxe8 29. Rxe8+ Kh7 30. Kg1 Be6 31. Bb3 Qf5 32. Bxe6 fxe6 33. Re7+ Kg8
34. Rxb7 e5 35. Bh6 a4 36. Kg2 c5 37. Rb8+ Kh7 38. Bg5 Kg7 39. Rb6 Qe4+ 40. Kf2
Kf7 41. Be3 a3 42. bxa3 Qc2+ 43. Kf3 Qxc3 44. Rc6 Qxa3 45. Rxc5 Ke6 46. Rc7
Qa8+ 47. Ke2 Kf5 48. Rc3 Qa6+ 49. Ke1 Qa2 50. Bd2 Qb1+ 51. Ke2 Qh1 52. Rf3+ Kg4
53. Re3 Qg2+ 54. Ke1 Qd5 55. Bc3 e4 56. Bd2 Kh3 57. Rc3 Kg2 58. Bf4 Qa5 59. Kd2
Kf1 60. Kc2 Qa2+ 61. Kc1 Qa1+ 62. Kc2 Kf2 63. Re3 Qd4 64. Rb3 e3 65. Rd3 Qc4+
66. Rc3 Qxf4 0-1

[Event "SR 2. liga A 2006/2007"]
[Site "?"]
[Date "2006.12.17"]
[Round "6"]
[White "Vinarcik, Jan"]
[Black "Janos, Jozef"]
[Result "0-1"]
[WhiteElo "2027"]
[BlackElo "2235"]
[Annotator "Fabry"]
[PlyCount "96"]
[EventDate "2006.??.??"]

1. e4 c5 2. Nf3 d6 3. d4 cxd4 4. Nxd4 Nf6 5. f3 g6 6. c4 Bg7 7. Nc3 Nc6 8. Be3
O-O 9. Qd2 a6 10. Rc1 Nxd4 11. Bxd4 Be6 12. b3 Rc8 13. Be2 Nd7 14. O-O Bxd4+
15. Qxd4 Qb6 16. Qxb6 Nxb6 17. f4 f6 18. Rfe1 Rc7 19. a4 Nd7 20. f5 Bf7 21.
fxg6 hxg6 22. Nd5 Bxd5 23. exd5 a5 24. Rb1 Nc5 25. Bd1 Kf7 26. b4 axb4 27. Re3
Na6 28. Be2 Rh8 29. g4 Rh4 30. Kg2 Ke8 31. Kg3 g5 32. Bd3 Kd8 33. h3 Rh8 34.
Kg2 Rg8 35. Kg3 Kc8 36. Bf1 Kb8 37. Rbe1 Rg7 38. Rb3 Ka7 39. a5 Rc5 40. Rbe3
Rxa5 41. Rxe7 Rxe7 42. Rxe7 Nc5 43. Re1 Ra3+ 44. Kh2 Kb6 45. Kg1 b3 46. Rb1 Ka5
47. Be2 Kb4 48. Rf1 b2 0-1

[Event "SR 2. liga A 2006/2007"]
[Site "?"]
[Date "2007.01.13"]
[Round "6.1"]
[White "Duriga, Stefan"]
[Black "Pinter, Erik"]
[Result "0-1"]
[WhiteElo "2265"]
[BlackElo "2455"]
[PlyCount "56"]
[EventDate "2006.??.??"]

1. d4 Nf6 2. Nf3 g6 3. Bf4 Bg7 4. e3 c5 5. c3 b6 6. h3 Bb7 7. Nbd2 O-O 8. Bh2
d6 9. Be2 Nbd7 10. O-O Rc8 11. Re1 Rc7 12. Bf1 Qa8 13. a4 a6 14. Qe2 Rfc8 15.
Rad1 Ne4 16. Nxe4 Bxe4 17. Qxa6 Ra7 18. Qe2 Rxa4 19. Nd2 Bc6 20. Qd3 Ra2 21. b3
Qa3 22. e4 cxd4 23. cxd4 Qb2 24. d5 Bb7 25. Bf4 Rc2 26. Be3 Ba6 27. Nc4 Bxc4
28. bxc4 Ra3 0-1

[Event "SR 2. liga A 2006/2007"]
[Site "?"]
[Date "????.??.??"]
[Round "6.1"]
[White "Lesny, Stefan"]
[Black "Gasa, Andrej"]
[Result "1/2-1/2"]
[WhiteElo "2103"]
[BlackElo "2199"]
[PlyCount "87"]
[EventDate "2006.??.??"]

1. e4 c5 2. f4 d5 3. e5 Nc6 4. Nf3 Bg4 5. c3 e6 6. d3 h5 7. Be2 Nh6 8. Na3 Be7
9. Nc2 Nf5 10. Ne3 Bh4+ 11. g3 Be7 12. Nxf5 Bxf5 13. h4 Qb6 14. Ng5 g6 15. a3
a6 16. Nf3 Rd8 17. O-O c4+ 18. d4 Na5 19. Ra2 Nb3 20. Be3 Rc8 21. Nd2 Rc7 22.
Kf2 Nxd2 23. Bxd2 Qb3 24. Qxb3 cxb3 25. Raa1 Bc2 26. Bd1 Bxd1 27. Rfxd1 Rc4 28.
a4 Kd7 29. Ke3 Kc6 30. Kd3 Kb6 31. Rh1 Ka5 32. Rhg1 b5 33. axb5+ Kxb5 34. Rh1
a5 35. Rhg1 a4 36. Rgb1 Rhc8 37. Be1 R4c6 38. Bd2 Rc4 39. Be1 a3 40. bxa3 Ka4
41. Rb2 Bd8 42. Rab1 Rb8 43. Bd2 Ba5 44. Be1 1/2-1/2

[Event "SR 2. liga A 2006/2007"]
[Site "?"]
[Date "2007.01.13"]
[Round "6.2"]
[White "Hrivnak, Martin"]
[Black "Petrik, Karol"]
[Result "0-1"]
[WhiteElo "2229"]
[BlackElo "2136"]
[PlyCount "80"]
[EventDate "2006.??.??"]

1. Nf3 c5 2. c4 Nf6 3. Nc3 Nc6 4. d4 cxd4 5. Nxd4 e6 6. Ndb5 Bc5 7. Nd6+ Ke7 8.
Nde4 Nxe4 9. Nxe4 Bb4+ 10. Nd2 d5 11. e3 dxc4 12. Bxc4 Qa5 13. a3 Rd8 14. Rb1
Bd6 15. O-O b5 16. b4 Qb6 17. Qh5 bxc4 18. Nxc4 Qc7 19. Bb2 f6 20. Rbc1 Kf8 21.
b5 Na5 22. Nxd6 Qxd6 23. Bc3 Qxa3 24. Qh4 Kg8 25. Bb4 Qa2 26. Rc7 Rd7 27. Rc3
Bb7 28. e4 Qe2 29. Re3 Qxb5 30. Bc3 Rf8 31. Rh3 h6 32. Qg4 Re7 33. Bd2 Ba6 34.
Re1 Nc4 35. Bxh6 Ne5 36. Qg3 Qb4 37. Ra1 Qxe4 38. f3 Qd4+ 39. Be3 Qxa1+ 40. Kf2
Qf1# 0-1

[Event "SR 2. liga A 2006/2007"]
[Site "?"]
[Date "????.??.??"]
[Round "6.2"]
[White "Polasek, Filip"]
[Black "Farkas, Gabor"]
[Result "0-1"]
[WhiteElo "2084"]
[BlackElo "2240"]
[PlyCount "78"]
[EventDate "2006.??.??"]

1. e4 e5 2. Nf3 Nc6 3. Nc3 Nf6 4. Bb5 Bc5 5. O-O d6 6. d4 exd4 7. Nxd4 Bd7 8.
Bxc6 bxc6 9. Bg5 Qe7 10. f4 h6 11. Bxf6 Qxf6 12. e5 dxe5 13. fxe5 Qh4 14. Nce2
O-O 15. Kh1 Rad8 16. Qe1 Qe4 17. Qc3 Qxe5 18. Rae1 Bc8 19. Nxc6 Qxc3 20. Nxc3
Rd2 21. Ne4 Rxc2 22. Nxc5 Rxc5 23. Ne7+ Kh7 24. Nxc8 Rxc8 25. Rxf7 Re8 26. Rd1
Re2 27. h3 Rxb2 28. Rdd7 Rg5 29. g4 Rxa2 30. Rxc7 a5 31. Ra7 a4 32. Rfd7 a3 33.
Rdc7 h5 34. gxh5 Rgg2 35. Rc3 Rh2+ 36. Kg1 Rag2+ 37. Kf1 a2 38. Rcc7 Rg5 39.
Rc3 Rh1+ 0-1

[Event "SR 2. liga A 2006/2007"]
[Site "?"]
[Date "????.??.??"]
[Round "6.3"]
[White "Petenyi, Tamas"]
[Black "Hecko, Dusan"]
[Result "1/2-1/2"]
[WhiteElo "2125"]
[BlackElo "2142"]
[PlyCount "107"]
[EventDate "2006.??.??"]

1. c4 e5 2. g3 Nf6 3. Bg2 Be7 4. Nc3 Nc6 5. e3 O-O 6. Nge2 d6 7. d4 exd4 8.
exd4 Bd7 9. O-O Re8 10. a3 a5 11. b3 Bf8 12. Bb2 Rb8 13. Qd2 b6 14. Rac1 Ne7
15. Rfe1 Ng6 16. Nf4 Nxf4 17. Qxf4 h6 18. d5 Rc8 19. Ne2 Ng4 20. Nd4 Qg5 21.
Qxg5 hxg5 22. Nc6 Nh6 23. Kf1 Rxe1+ 24. Rxe1 Re8 25. Rxe8 Bxe8 26. Nb8 Be7 27.
Ke2 Kf8 28. Nc6 Bxc6 29. dxc6 Ng8 30. h3 Bf6 31. Bc1 Ne7 32. Be4 Ng8 33. Kd3 g6
34. b4 axb4 35. axb4 Ke8 36. Be3 Ne7 37. g4 Kd8 38. Kc2 Ke8 39. Kd3 Kd8 40. Kc2
Ke8 41. Kb3 Nc8 42. Ka4 Na7 43. Bd5 Ke7 44. c5 bxc5 45. bxc5 Nc8 46. Ka5 dxc5
47. Bxc5+ Ke8 48. Ka6 Ne7 49. Be4 Be5 50. Kb7 Kd8 51. Be3 f6 52. Ka6 Ke8 53.
Kb5 Kf7 54. Kc4 1/2-1/2

[Event "SR 2. liga A 2006/2007"]
[Site "?"]
[Date "2007.01.13"]
[Round "6.3"]
[White "Petreje, Juraj"]
[Black "Bury, Rastislav"]
[Result "1/2-1/2"]
[WhiteElo "2157"]
[BlackElo "2176"]
[PlyCount "129"]
[EventDate "2006.??.??"]

1. Nf3 d6 2. g3 e5 3. d4 Nc6 4. dxe5 Nxe5 5. Nxe5 dxe5 6. Qxd8+ Kxd8 7. Bg2 c6
8. O-O Bf5 9. c3 Kc7 10. Nd2 Rd8 11. b4 Ne7 12. Nc4 f6 13. a4 Be6 14. Na3 Nd5
15. Bb2 Nb6 16. Nb1 Bb3 17. a5 Nc4 18. Bc1 Be7 19. Na3 Nxa3 20. Rxa3 Bc4 21.
Be3 Kb8 22. a6 bxa6 23. Bxc6 Bxe2 24. Re1 Rc8 25. Bd5 Bb5 26. Rb1 Rhd8 27. c4
Bxc4 28. Bxc4 Rxc4 29. Rxa6 Rd7 30. Rba1 Rcc7 31. g4 Bxb4 32. Rb1 Rc4 33. g5 f5
34. Ra4 Rb7 35. Bxa7+ Rxa7 36. Raxb4+ Rxb4 37. Rxb4+ Kc7 38. Rh4 Kd6 39. Rxh7
Ke6 40. h4 f4 41. h5 Kf5 42. g6 e4 43. Kg2 Re7 44. Kf1 Kf6 45. Ke2 Re8 46. Ke1
Rg8 47. Kd2 Kg5 48. Ke2 Kg4 49. Ke1 Kf3 50. h6 gxh6 51. Rxh6 Rg7 52. Kf1 Kg4
53. Ke2 Kg5 54. Rh8 Rxg6 55. Re8 Kf5 56. Rf8+ Rf6 57. Rg8 Rd6 58. Rf8+ Ke5 59.
Re8+ Kd4 60. f3 exf3+ 61. Kxf3 Rf6 62. Re7 Kd5 63. Re4 Kd6 64. Rxf4 Rxf4+ 65.
Kxf4 1/2-1/2

[Event "SR 2. liga A 2006/2007"]
[Site "?"]
[Date "2007.01.13"]
[Round "6.4"]
[White "Lauf, Pavol"]
[Black "Bronis, Marian"]
[Result "1-0"]
[WhiteElo "2139"]
[BlackElo "2155"]
[PlyCount "59"]
[EventDate "2006.??.??"]

1. c4 b6 2. d4 e6 3. d5 Bb4+ 4. Nc3 Nf6 5. f3 Bxc3+ 6. bxc3 d6 7. Bg5 Nbd7 8.
e4 h6 9. Bh4 Ne5 10. Ne2 Qd7 11. Nd4 Ng6 12. c5 a6 13. Bxf6 gxf6 14. cxb6 cxb6
15. Rb1 Qc7 16. Qb3 e5 17. Nc6 b5 18. c4 bxc4 19. Bxc4 Ne7 20. Qb6 Qxb6 21.
Rxb6 Kd7 22. Kf2 Nxc6 23. dxc6+ Kc7 24. Rhb1 Be6 25. Bxa6 Bxa2 26. Rb7+ Kd8 27.
c7+ Ke8 28. Rb8+ Kd7 29. Rxh8 Rxh8 30. Rb8 1-0

[Event "SR 2. liga A 2006/2007"]
[Site "?"]
[Date "????.??.??"]
[Round "6.4"]
[White "Pagerka, Martin"]
[Black "Bebiak, Jozef"]
[Result "1-0"]
[WhiteElo "1966"]
[BlackElo "2145"]
[PlyCount "101"]
[EventDate "2006.??.??"]

1. e4 c5 2. Nf3 d6 3. d4 cxd4 4. Nxd4 e5 5. Nb3 Nf6 6. Nc3 Be6 7. Be2 Nc6 8.
O-O d5 9. exd5 Nxd5 10. Nxd5 Bxd5 11. Bf3 e4 12. Re1 Be7 13. c4 Bxc4 14. Bxe4
Qxd1 15. Rxd1 O-O 16. Be3 Rfd8 17. Rac1 Be6 18. h3 Rxd1+ 19. Rxd1 Bf6 20. Nc5
Bxa2 21. Nxb7 Ne5 22. Ra1 Be6 23. Rxa7 Rxa7 24. Bxa7 Nc4 25. b4 Kf8 26. Bc5+
Ke8 27. Bc6+ Bd7 28. Bd5 Bc8 29. f3 Bxb7 30. Bxb7 Kd7 31. Bd5 Ne5 32. b5 Nd3
33. Be3 Ke7 34. f4 Kd6 35. Bxf7 Nc5 36. Bxc5+ Kxc5 37. Be8 Kd5 38. Kf2 Ke4 39.
g3 Bd4+ 40. Ke2 Bg1 41. Bc6+ Kf5 42. Kf3 h6 43. g4+ Kf6 44. Ke4 Ke6 45. h4 Bf2
46. h5 Bb6 47. g5 hxg5 48. fxg5 Bd8 49. Bd5+ Ke7 50. Kf5 Kf8 51. Kg6 1-0

[Event "SR 2. liga A 2006/2007"]
[Site "?"]
[Date "2007.01.13"]
[Round "6.5"]
[White "Kebis, Milos"]
[Black "Stefan, Oldrich"]
[Result "0-1"]
[WhiteElo "2053"]
[BlackElo "2065"]
[PlyCount "50"]
[EventDate "2006.??.??"]

1. c4 Nf6 2. Nc3 g6 3. d4 d5 4. Nf3 Bg7 5. Bg5 Ne4 6. Bf4 c6 7. cxd5 Nxc3 8.
bxc3 cxd5 9. e3 O-O 10. Be2 Nc6 11. O-O b6 12. Rc1 Bb7 13. c4 dxc4 14. Rxc4 Rc8
15. Qa4 Qd5 16. Qa3 Qa5 17. Ra4 Qd5 18. Rb1 Nxd4 19. exd4 Qe4 20. Re1 Qxf4 21.
Rxa7 Bxf3 22. Bxf3 Bxd4 23. Raxe7 Bc5 24. Qb3 Bxe7 25. Rxe7 Rc1+ 0-1

[Event "SR 2. liga A 2006/2007"]
[Site "?"]
[Date "????.??.??"]
[Round "6.5"]
[White "Varga, David"]
[Black "Diviak, Rastislav"]
[Result "1-0"]
[WhiteElo "2184"]
[BlackElo "1958"]
[PlyCount "71"]
[EventDate "2006.??.??"]

1. e4 d6 2. d4 Nf6 3. Nc3 g6 4. Bc4 Bg7 5. Bb3 c5 6. dxc5 Qa5 7. Qf3 Qxc5 8.
Nge2 O-O 9. Be3 Qa5 10. h3 Nc6 11. O-O-O Bd7 12. Nf4 Ne5 13. Qe2 b5 14. Nfd5
Nxd5 15. Nxd5 Rfe8 16. Bd2 Qd8 17. f4 Nc6 18. Bc3 Bxc3 19. Nxc3 a6 20. e5 Be6
21. Bxe6 fxe6 22. Qg4 Qd7 23. Ne4 Nd8 24. Ng5 h5 25. Qh4 Nf7 26. g4 Nxg5 27.
Qxg5 Kh7 28. gxh5 Rg8 29. Rhg1 d5 30. hxg6+ Kg7 31. h4 Raf8 32. h5 Rh8 33. h6+
Rxh6 34. Qxh6+ Kxh6 35. g7 Rg8 36. Rg5 1-0

[Event "SR 2. liga A 2006/2007"]
[Site "?"]
[Date "2007.01.13"]
[Round "6.6"]
[White "Chovanec, Vladimir"]
[Black "Mandak, Miroslav"]
[Result "1-0"]
[WhiteElo "2081"]
[BlackElo "2080"]
[PlyCount "103"]
[EventDate "2006.??.??"]

1. Nf3 d5 2. g3 Nf6 3. Bg2 g6 4. b3 Bg7 5. Bb2 O-O 6. c4 c6 7. O-O Nbd7 8. d4
Ne4 9. Nc3 Ndf6 10. Nd2 Nxc3 11. Bxc3 Bf5 12. Re1 Qd7 13. f3 h5 14. e4 dxe4 15.
fxe4 Bg4 16. Nf3 Nh7 17. Qd2 Rad8 18. Rad1 Qc7 19. Qf4 Qc8 20. Qc1 Bh3 21. d5
Bxc3 22. Qxc3 Bg4 23. Qe3 b6 24. Rd2 Bxf3 25. Bxf3 Qc7 26. e5 cxd5 27. cxd5
Rfe8 28. Be2 Rc8 29. Ba6 Rb8 30. a4 Red8 31. Bc4 Qc8 32. Rf2 Kg7 33. Qf4 Rf8
34. Qh4 Qb7 35. Qd4 Rbd8 36. Qf4 a6 37. b4 b5 38. axb5 axb5 39. Ba2 Ra8 40. Rc1
Rac8 41. Rd1 Rcd8 42. h4 Qb6 43. Kh2 f6 44. d6 g5 45. Qf5 fxe5 46. Qxe5+ Kh6
47. Qe6+ Nf6 48. hxg5+ Kh7 49. Qf5+ Kh8 50. gxf6 Rxf6 51. Qxh5+ Kg7 52. Qg5+
1-0

[Event "SR 2. liga A 2006/2007"]
[Site "?"]
[Date "????.??.??"]
[Round "6.6"]
[White "Hanzluvka, Peter"]
[Black "Obdrzalkova, Anita"]
[Result "1/2-1/2"]
[WhiteElo "2042"]
[BlackElo "2058"]
[PlyCount "66"]
[EventDate "2006.??.??"]

1. e4 c5 2. Nf3 d6 3. d4 cxd4 4. Nxd4 Nf6 5. Nc3 a6 6. Bg5 e6 7. Be2 Be7 8. O-O
O-O 9. Kh1 b5 10. a3 Bb7 11. Bd3 Nbd7 12. Qe1 Rc8 13. f4 Qc7 14. Qg3 Qc5 15.
Nb3 Qc7 16. Rae1 Nh5 17. Qh4 Bxg5 18. fxg5 g6 19. Re3 f6 20. gxf6 Rxf6 21. Rxf6
Nhxf6 22. Rf3 Qd8 23. Qf4 Qe7 24. Rf1 Rf8 25. Qg5 Ne5 26. Be2 Rf7 27. Nd2 Kg7
28. h4 h6 29. Qg3 Kh7 30. Kh2 Rg7 31. Qf4 Rf7 32. Qg3 Rg7 33. Qf4 Rf7 1/2-1/2

[Event "SR 2. liga A 2006/2007"]
[Site "?"]
[Date "????.??.??"]
[Round "6.7"]
[White "Kolesar, Rastislav"]
[Black "Cajka, Tibor"]
[Result "1/2-1/2"]
[WhiteElo "1931"]
[BlackElo "1784"]
[PlyCount "81"]
[EventDate "2006.??.??"]

1. e4 e5 2. Nf3 Nc6 3. Bb5 Nf6 4. O-O Nxe4 5. d4 Nd6 6. Bxc6 dxc6 7. dxe5 Nf5
8. Qxd8+ Kxd8 9. Rd1+ Ke8 10. Nc3 Bc5 11. Ne4 Bb6 12. c4 c5 13. b3 Bd7 14. Ba3
Bc6 15. Nxc5 Bxc5 16. Bxc5 b6 17. Nd4 Nxd4 18. Bxd4 Ke7 19. Rd2 Rad8 20. Rad1
Rd7 21. Be3 Rhd8 22. Bg5+ f6 23. exf6+ gxf6 24. Rxd7+ Bxd7 25. Bf4 c6 26. f3
Bf5 27. Rxd8 Kxd8 28. a3 Kd7 29. Kf2 Bc2 30. b4 Bd3 31. c5 bxc5 32. bxc5 a6 33.
Ke3 Bc4 34. Ke4 Ke6 35. Kd4 Be2 36. Be3 Kd7 37. Ke4 Ke6 38. g4 Bd1 39. h4 Bc2+
40. Kf4 Bd3 41. g5 1/2-1/2

[Event "SR 2. liga A 2006/2007"]
[Site "?"]
[Date "2007.01.13"]
[Round "6.7"]
[White "Povysil, Peter"]
[Black "Macka, Oto"]
[Result "1/2-1/2"]
[WhiteElo "2062"]
[BlackElo "2024"]
[PlyCount "92"]
[EventDate "2006.??.??"]

1. Nf3 Nf6 2. c4 g6 3. Nc3 Bg7 4. e4 d6 5. d4 O-O 6. Be2 e5 7. Be3 Nc6 8. d5
Ne7 9. Nd2 c5 10. O-O Nd7 11. Nb5 Qb6 12. b4 a6 13. bxc5 Nxc5 14. Nc3 Qc7 15.
a4 b6 16. Nb3 f5 17. a5 Nd7 18. axb6 Nxb6 19. c5 Nd7 20. Nb5 axb5 21. Rxa8 fxe4
22. Bxb5 Nf6 23. cxd6 Qxd6 24. Bc5 Qxd5 25. Ra4 Qxd1 26. Rxd1 Be6 27. Bxe7 Bxb3
28. Bxf8 Bxd1 29. Ra1 Bxf8 30. Rxd1 Bc5 31. Bd7 e3 32. fxe3 Bxe3+ 33. Kf1 Bd4
34. Be6+ Kf8 35. Ke2 Ke7 36. Bc4 Ng4 37. Rb1 Nxh2 38. Rh1 Ng4 39. Rxh7+ Kf6 40.
Rf7+ Kg5 41. Rg7 Kf6 42. Rf7+ Kg5 43. Bd3 Nh6 44. Rd7 Ng4 45. Rd6 Nf6 46. Kf3
Bc3 1/2-1/2

[Event "SR 2. liga A 2006/2007"]
[Site "?"]
[Date "2007.01.13"]
[Round "6.8"]
[White "Koutny, Pavel"]
[Black "Nepras, Martin"]
[Result "1/2-1/2"]
[WhiteElo "1876"]
[BlackElo "1987"]
[PlyCount "113"]
[EventDate "2006.??.??"]

1. e4 e6 2. d4 d5 3. Nd2 Nd7 4. Bd3 dxe4 5. Nxe4 Ngf6 6. Nxf6+ Nxf6 7. Nf3 Be7
8. O-O O-O 9. c3 b6 10. Qc2 Bb7 11. Bg5 h6 12. Bh4 c5 13. dxc5 Bxc5 14. Rad1
Qe7 15. Ne5 Rfd8 16. Ng4 Rd5 17. Be2 Rf5 18. Bxf6 Rxf6 19. Nxf6+ Qxf6 20. Qd3
a5 21. Qg3 Rc8 22. Bd3 Bc6 23. Rd2 b5 24. a3 e5 25. Re2 Bd6 26. Be4 Bd7 27. Rd1
Be8 28. Qf3 Be7 29. Qf5 Qxf5 30. Bxf5 Rc5 31. Bd7 Kf8 32. Kf1 f6 33. Bxe8 Kxe8
34. Red2 Rc4 35. Rd5 b4 36. Rxa5 bxc3 37. Ra8+ Kf7 38. bxc3 Rxc3 39. a4 Rc2 40.
Kg1 Bc5 41. Rf1 Ra2 42. g3 f5 43. Kg2 Kf6 44. h3 e4 45. Rc8 Bd4 46. Rc4 Ba7 47.
g4 e3 48. Kf3 exf2 49. Rf4 g6 50. gxf5 gxf5 51. Rc4 Ra3+ 52. Kg2 Kg5 53. h4+
Kh5 54. Rf4 Kg6 55. Rc4 Ra2 56. Rc6+ Kh5 57. Rc4 1/2-1/2

[Event "SR 2. liga A 2006/2007"]
[Site "?"]
[Date "2007.01.13"]
[Round "7"]
[White "Adamcik, Tomas"]
[Black "Kleman, Miroslav"]
[Result "0-1"]
[WhiteElo "1964"]
[BlackElo "2097"]
[PlyCount "56"]
[EventDate "2006.??.??"]

{96MB, Fritz8.ctg, MITULIAK-C350F7} 1. b3 e5 2. Bb2 d6 3. e3 Be7 4. Bb5+ c6 5.
Bd3 f5 6. c4 Na6 7. Nc3 Nf6 8. Nge2 O-O 9. f4 Nc5 10. Bc2 a5 11. O-O e4 12. Qb1
b6 13. a3 Ba6 14. b4 Ne6 15. Bb3 Kh8 16. Rc1 Nd7 17. Nxe4 fxe4 18. Qxe4 Bf6 19.
Bxf6 Nxf6 20. Qxc6 Rc8 21. Qf3 Qe7 22. Ng3 Bb7 23. Qe2 Ne4 24. Nxe4 Bxe4 25. d3
Bb7 26. g3 Nd4 27. Qd1 Qxe3+ 28. Kf1 Bf3 0-1

[Event "SR 2. liga A 2006/2007"]
[Site "?"]
[Date "2007.01.13"]
[Round "7"]
[White "Cibicek, Jozef"]
[Black "Prikler, Bruno"]
[Result "1-0"]
[WhiteElo "1981"]
[BlackElo "1897"]
[PlyCount "49"]
[EventDate "2006.??.??"]

{96MB, Fritz8.ctg, MITULIAK-C350F7} 1. e4 e6 2. d4 d5 3. Nc3 Bb4 4. Nge2 Nf6 5.
e5 Ne4 6. a3 Ba5 7. b4 Nxc3 8. Nxc3 Bb6 9. Qg4 Rf8 10. Be3 a5 11. b5 g6 12. Bg5
f5 13. exf6 Rf7 14. Qh4 Nd7 15. Bd3 Nxf6 16. O-O c5 17. Na4 c4 18. Nxb6 Qxb6
19. Bxg6 hxg6 20. Bxf6 Kd7 21. Qh8 Qxb5 22. Rab1 Qa6 23. Qd8+ Kc6 24. Qe8+ Rd7
25. Rfe1 1-0